Politická ekonómia slovenského kapitalizmu: inštitucionálna a evolučná perpektíva

Divergentný vývoj kapitalistických ekonomík. Inštitucionálna a evolúčná perspektíva. Logika reformy. Formovanie finančného trhu. Duálna ekonomika. Lokálna varieta kapitalizmu v SR. Metodológia analýzy variet kapitalizmu.

Gespeichert in:
Bibliographische Detailangaben
1. Verfasser: Baláž, Vladimír
Format: Buchkapitel
Sprache:Slowakisch
Schlagworte:
Tags: Tag hinzufügen
Keine Tags, Fügen Sie das erste Tag hinzu!

MARC

LEADER 00000naa$a2200000$$$4500
001 0049158
005 20231019130832.2
041 0 |a slo 
044 |a CZ 
245 1 0 |a Politická ekonómia slovenského kapitalizmu: inštitucionálna a evolučná perpektíva  |c Vladimír Baláž 
520 |a Divergentný vývoj kapitalistických ekonomík. Inštitucionálna a evolúčná perspektíva. Logika reformy. Formovanie finančného trhu. Duálna ekonomika. Lokálna varieta kapitalizmu v SR. Metodológia analýzy variet kapitalizmu. 
610 2 0 |a ekonómia politická 
610 2 0 |a Slovensko 
610 2 0 |a kapitalizmus 
610 2 0 |a inštitúcia 
610 2 0 |a inštitucionalizmus 
610 2 0 |a transformácia 
610 2 0 |a SVE 
610 2 0 |a liberalizácia 
610 2 0 |a trh finančný 
100 1 |a Baláž, Vladimír